Skycrapers : Structure and Design /

Compendio de estudios sobre 30 rascacielos edificados y/o proyectados entre los años 1996 y 2005, mismos que son examinados tanto desde un enfoque arquitectónico como desde la perspectiva de la ingeniería. El autor expone además la historia cultural y arquitectónica de los rascacielos, los fundament...

Deskribapen osoa

Gorde:
Xehetasun bibliografikoak
Egile nagusia: Wells, Matthew (autor)
Formatua: Liburua
Hizkuntza:ingelesa
Argitaratua: New Haven, EUA : Yale University, 2005, c2005
Gaiak:
Etiketak: Etiketa erantsi
Etiketarik gabe, Izan zaitez lehena erregistro honi etiketa jartzen!

MARC

LEADER 00000nam^a2200000^a^4500
001 000184798
005 20250521000000.0
009 20260310102130.154
020 |a 0-300-10679-3 
037 |a Acervo ITESO - Biblioteca 
041 |a ING 
082 |a 720. 483  |b WEL 
100 |a Wells, Matthew  |e (autor) 
245 1 0 |a Skycrapers :  |b Structure and Design /  |c M. Wells. 
264 4 |a New Haven, EUA :  |b Yale University,  |c 2005, c2005 
300 |a 191 p. 
336 |a texto  |b txt  |2 rdacontenido 
337 |a sin mediación  |b n  |2 rdamedio 
338 |a volumen  |b nc  |2 rdasoporte 
520 |a Compendio de estudios sobre 30 rascacielos edificados y/o proyectados entre los años 1996 y 2005, mismos que son examinados tanto desde un enfoque arquitectónico como desde la perspectiva de la ingeniería. El autor expone además la historia cultural y arquitectónica de los rascacielos, los fundamentos de su construcción y las formas como son diseñados para resistir fuerzas tales como terremotos, vientos y fuego. 18 de las edificaciones incluidas están localizadas en ocho naciones europeas (Alemania, Austria, España, Francia, Holanda, Inglaterra, Irlanda y Suecia), cuatro en dos ciudades de Estados Unidos (Las Vegas y Nueva York) y siete en tres países asiáticos (China, incluido Hong Kong; Emiratos Arabes Unidos; Malasia y Taiwán). Renzo Piano, Jean Nouvel, Zaha Hadid, Santiago Calatrava y Cesar Pelli son algunos de los creadores de las obras elegidas. 
649 |a XX 
650 |a Rascacielos -  |z Asia 
650 |a Rascacielos -  |z EUA 
650 |a Rascacielos -  |z Europa 
650 |a Diseño Arquitectónico 
650 |a Diseño Estructural 
650 |a Estructuras 
650 |a Ingeniería Civil 
650 |a Arquitectura Asiática -  |x Historia y Crítica 
650 |a Arquitectura Asiática -  |y 1990-1999 
650 |a Arquitectura Asiática -  |y Siglo XX 
650 |a Arquitectura Asiática -  |y 2000-2009 
650 |a Arquitectura Asiática -  |y Siglo XXI 
650 |a Arquitectura Norteamericana -  |x Historia y Crítica 
650 |a Arquitectura Norteamericana -  |y 1990-1999 
650 |a Arquitectura Norteamericana -  |y Siglo XX 
650 |a Arquitectura Norteamericana -  |y 2000-2009 
650 |a Arquitectura Norteamericana -  |y Siglo XXI 
650 |a Arquitectura Europea -  |x Historia y Crítica 
650 |a Arquitectura Europea -  |y 1990-1999 
650 |a Arquitectura Europea -  |y Siglo XX 
650 |a Arquitectura Europea -  |y 2000-2009 
650 |a Arquitectura Europea -  |y Siglo XXI 
650 |a Arquitectura -  |x Historia y Crítica 
650 |a Arquitectura -  |y 1990-1999 
650 |a Arquitectura -  |y Siglo XX 
650 |a Arquitectura -  |y 2000-2009 
650 |a Arquitectura -  |y Siglo XXI 
650 |a Arte Asiático -  |x Historia y Crítica 
650 |a Arte Asiático -  |y 1990-1999 
650 |a Arte Asiático -  |y Siglo XX 
650 |a Arte Asiático -  |y 2000-2009 
650 |a Arte Asiático -  |y Siglo XXI 
650 |a Arte Norteamericano -  |x Historia y Crítica 
650 |a Arte Norteamericano -  |y 1990-1999 
650 |a Arte Norteamericano -  |y Siglo XX 
650 |a Arte Norteamericano -  |y 2000-2009 
650 |a Arte Norteamericano -  |y Siglo XXI 
650 |a Arte Europeo -  |x Historia y Crítica 
650 |a Arte Europeo -  |y 1990-1999 
650 |a Arte Europeo -  |y Siglo XX 
650 |a Arte Europeo -  |y 2000-2009 
650 |a Arte Europeo -  |y Siglo XXI 
650 |a Arte -  |x Historia y Crítica 
650 |a Arte -  |y 1990-1999 
650 |a Arte -  |y Siglo XX 
650 |a Arte -  |y 2000-2009 
650 |a Arte -  |y Siglo XXI 
910 |a Fondo General 
920 |a Impresos - Libros 
930 |a Reserva Especial 
905 |a 103 
901 |a 0500125748  |b IT1  |c REE  |u 20250521 
902 |a https://opac.biblio.iteso.mx/vufind/Record/000184798